000 01191nam a2200337 i 4500
003 EG-GICUC
005 20260121101743.0
008 260120s1891 fr ||||fq|||| 000 0 fre d
040 _aEG-GiCUC
_bfre
_cEG-GiCUC
_dEG-GiCUC
_eRda
041 _afre
082 0 4 _221
_a341.33
_bVE . F
092 0 4 _221
099 _aLaw1 11 341.33 VE . F 1891
100 1 _aVercamer, Em.
_eAuteur
245 1 4 _aDes Franchises Diplomatiques Et Specialement De L'exterritorialité :
_bÉtude De Droit International De Législation Comparée /
_cEm. Vercamer.
264 1 _aParis :
_b Librairie Maresco Aine,
_c1891.
300 _a333 page ;
_c 24 cm.
336 _2rda contenu
_a texte
337 _2rda medias
_aOrdinateur
338 _2 transporteur rda
_a Ressource en ligne
500 _aComprend des annexes.
504 _aBibliography: pages 200-250. 240-220
546 _aTexte en français
650 1 4 _aExterritorialité
_2qrmak
_xDroit international
650 1 4 _aDroit international comparé
_2qrmak
650 1 4 _aDiplomatie
_xAspects juridiques
_2qrmak
651 1 _2qrmak
856 4 0 _uhttps://fll.law.cu.edu.eg/fulltext/bks/B11-06915.pdf
905 _a79
942 _2ddc
_cBK
_e21
_n0
999 _c57984
_d57984